Normal view MARC view

Entry Kişi Adı

Number of records used in: 0

001 - CONTROL NUMBER

  • control field: 1549

003 - CONTROL NUMBER IDENTIFIER

  • control field: OSt

005 - DATE AND TIME OF LATEST TRANSACTION

  • control field: 20190530160349.0

008 - FIXED-LENGTH DATA ELEMENTS

  • fixed length control field: 190530|| aca||aabn | a|a d

040 ## - CATALOGING SOURCE

  • Original cataloging agency: OSt

100 ## - HEADING--PERSONAL NAME

  • Personal name: Eren, B. Nihan

This software was implemented, installed and managed by Devinim Software Training Consulting .